• 首页
  • 本馆介绍
  • 公告通知
  • 最新文献
  • 馆藏检索
  • 电子资源
  • 读者导购
  • 参考咨询
  • 我的图书馆
  • 登录
  • 详细信息显示
  • 放入我的书架
  • 预约/预借图书
  • 作者相关作品
  • 分类相关作品
  • 丛书相关作品
  • 出版社相关作品

书目信息

  • 表格格式
  • 工作单格式
  • 卡片格式
题名:
电工学(少学时)(第四版)学习辅导与习题解答
    
 
作者: 唐介 , 刘蕴红 主编
分册:  
出版信息: 北京   高等教育出版社  2014
页数: 234页
开本: 23cm
丛书名:
单 册:
中图分类: TM-42
科图分类:
主题词: 电工--高等教育--教学参考资料
电子资源:
ISBN: 978-7-04-039761-1
000 01148nam0 2200253 450
001 0103227175
005 20140930100330.0
010    @a978-7-04-039761-1@dCNY22.70
100    @a20140819d2014 em y0chiy0120 ea
101 0  @achi
102    @aCN@b110000
105    @ay zq 000yy
106    @ar
200 1  @a电工学(少学时)(第四版)学习辅导与习题解答@9Dian Gong Xue ( Shao Xue Shi ) ( Di Si Ban ) Xue Xi Fu Dao Yu Xi Ti Jie;Xie Da @f唐介,刘蕴红主编@b专著
210    @a北京@c高等教育出版社@d2014
215    @a234页@d23cm
300    @a面向21世纪课程教材配套参考书 普通高等教育“九五”国家教委教材 普通高等教育“十五”国家级规划教材 普通高等教育“十一五”国家级规划教材
330    @a本书是与唐介,刘蕴红主编教育部面向21世纪课程教材——《电工学(少学时)》(第四版)配套的教学参考书。章次与配套教材一致,每章分“要求与提示”、“教学建议”、“分析与思考解答”和“练习题解答”四部分。书后附录中还提供了三套试题。
606 0  @a电工@x高等教育@j教学参考资料
690    @aTM-42@v5
701  0 @a唐介@f(1936.12~)@9tang jie@4主编
701  0 @a刘蕴红@c(女,@f1967~)@9liu yun hong@4主编
801  0 @aCN@bZL@c20140728
905    @aBZT@dTM-42@e1@f1@sTM-42/1
    
    电工学(少学时)(第四版)学习辅导与习题解答/唐介,刘蕴红主编.-北京:高等教育出版社,2014
    234页;23cm
    面向21世纪课程教材配套参考书 普通高等教育“九五”国家教委教材 普通高等教育“十五”国家级规划教材 普通高等教育“十一五”国家级规划教材
    
    ISBN 978-7-04-039761-1:CNY22.70
    本书是与唐介,刘蕴红主编教育部面向21世纪课程教材——《电工学(少学时)》(第四版)配套的教学参考书。章次与配套教材一致,每章分“要求与提示”、“教学建议”、“分析与思考解答”和“练习题解答”四部分。书后附录中还提供了三套试题。
●
相关链接 在五车中查询图书 在当当中查询图书 在豆瓣中查询图书


正题名:电工学(少学时)(第四版)学习辅导与习题解答     索取号:TM-42/1         预约/预借

序号 登录号 条形码 馆藏地/架位号 状态 备注
1 2000004235   2000004235   旧书回溯/ [索取号:TM-42/1] 在馆    
山东省滨州职业学院图书馆 欢迎您!
大连网信软件有限公司© 版权所有